000
00263nam a2200109Ia 4500
008
220204s9999 xx 000 0 und d
082
_a
301.174(540)
_b
SUR
100
_a
Suresh Kohli
245
0
_a
Corruption in India
260
_a
Delhi
_b
Chetana
_c
1975
942
_c
BK
999
_c
30829
_d
30829